NLSUI OPAC header image

State, policy and conflicts in Northeast India (Record no. 40462)

MARC details
000 -LEADER
fixed length control field 00957nam a2200217Ia 4500
003 - CONTROL NUMBER IDENTIFIER
control field OSt
005 - DATE AND TIME OF LATEST TRANSACTION
control field 20200923165608.0
008 - FIXED-LENGTH DATA ELEMENTS--GENERAL INFORMATION
fixed length control field 160316s2016 xxu||||| |||| 00| 0 eng d
020 ## - INTERNATIONAL STANDARD BOOK NUMBER
International Standard Book Number 9781138930643
040 ## - CATALOGING SOURCE
Transcribing agency nls
082 ## - DEWEY DECIMAL CLASSIFICATION NUMBER
Classification number 303.609540
Item number SUB
100 ## - MAIN ENTRY--PERSONAL NAME
Personal name Subramaniam K S
245 ## - TITLE STATEMENT
Title State, policy and conflicts in Northeast India
260 ## - PUBLICATION, DISTRIBUTION, ETC.
Place of publication, distribution, etc. New Delhi
Name of publisher, distributor, etc. Routledge
Date of publication, distribution, etc. 2016
300 ## - PHYSICAL DESCRIPTION
Extent 213p
Dimensions xv
365 ## - TRADE PRICE
Price amount Rs. 795
505 ## - FORMATTED CONTENTS NOTE
Formatted contents note Table of contents<br/>Map. Preface. Acknowledgements. Abbreviations. Introduction: Conflicts and the State: Context and Contours 1. Conflicts in the Northeast: The Policy Process 2. A Manipur Case Study 3. A Tripura Case Study 4. Assam Rifles and Armed Forces (Special Powers) Act, 1958: Analysis and Policy 5. Conflicts and The State: Whither Northeast India? Annexures. References.
650 ## - SUBJECT ADDED ENTRY--TOPICAL TERM
Topical term or geographic name entry element 1. Political Violence - Northeast - India2. Violence - Politics & Government
700 ## - ADDED ENTRY--PERSONAL NAME
Personal name
--
942 ## - ADDED ENTRY ELEMENTS (KOHA)
Source of classification or shelving scheme Dewey Decimal Classification
Koha item type BOOKs
Holdings
Withdrawn status Lost status Damaged status Not for loan Home library Current library Shelving location Date acquired Cost, normal purchase price Total Checkouts Full call number Barcode Date last seen Price effective from Koha item type
        NLS NLS General Stacks 30/05/2017 798.00   303.60954 SUB 34105 30/05/2017 30/05/2017 BOOKs